Groups of things - General Knowledge - Statistics

General Stats
  • This quiz has been taken 36 times
  • The average score is 44 of 63
Answer Stats
Hint Answer % Correct
Original Members of the EU France
100%
Original Members of the EU West Germany
100%
Oceans Atlantic
97%
Oceans Indian
97%
Oceans Pacific
97%
Original Members of the EU Italy
94%
Stringed instruments in an orchestra Violin
94%
Original Members of the EU Belgium
91%
Chess pieces King
91%
Original Members of the EU Netherlands
91%
Colours of the Olympic rings Black
88%
Colours of the Olympic rings Blue
88%
States of Matter Gas
88%
States of Matter Liquid
88%
Chess pieces Queen
88%
Colours of the Olympic rings Red
88%
Colours of the Olympic rings Yellow
88%
Beatles members Paul McCartney
85%
Beatles members Ringo Starr
85%
States of Matter Solid
85%
Stringed instruments in an orchestra Viola
85%
Stringed instruments in an orchestra Cello
82%
Layers of the earth Crust
82%
Colours of the Olympic rings Green
82%
Oceans Arctic
79%
Swimming strokes Backstroke
79%
Swimming strokes Breaststroke
79%
Chess pieces Knight
79%
Chess pieces Bishop
76%
Swimming strokes Fly
76%
Chess pieces Rook
76%
Oceans Antarctic
73%
Chess pieces Pawn
73%
Friends characters Ross
73%
Friends characters Chandler
70%
Beatles members George Harrison
70%
Layers of the earth Mantle
70%
Spice Girls members Ginger
67%
Friends characters Joey
67%
Friends characters Monica
67%
Friends characters Rachel
67%
Original Members of the EU Luxembourg
64%
Friends characters Phoebe
64%
Spice Girls members Posh
61%
Beatles members John Lenon
58%
Original Avengers Captain America
55%
Original Avengers Ironman
55%
Spice Girls members Sporty
55%
Spiderman actors Tom Holland
55%
Swimming strokes Freestyle
52%
Spice Girls members Scary
52%
Original Avengers The Hulk
52%
States of Matter Plasma
48%
Spice Girls members Baby
45%
Spiderman actors Andrew Garffield
42%
Original Avengers Black Widow
36%
Spiderman actors Toby Maguire
36%
Stringed instruments in an orchestra Harp
33%
Original Avengers Hawkeye
33%
Layers of the earth Inner Core
30%
Layers of the earth Outer Core
30%
Original Avengers Thor
30%
Stringed instruments in an orchestra Double Bass
27%
No matching quizzes found
Score Distribution
Percent of People with Each Score
Percentile by Number Answered
Your Score History
You have not taken this quiz